Satunnaisia alkuaineita - Statistics

Yleistilastot
  • Tätä visaa on pelattu 592 kertaa
  • Keskiarvotulos 9 / 20
Vastaustilastot
Z Kemiallinen merkki Alkuaine % Oikein
79 Au Kulta
100%
11 Na Natrium
100%
6 C Hiili
98%
12 Mg Magnesium
98%
8 O Happi
96%
3 Li Litium
96%
1 H Vety
95%
47 Ag Hopea
94%
19 K Kalium
94%
26 Fe Rauta
92%
17 Cl Kloori
89%
29 Cu Kupari
89%
30 Zn Sinkki
89%
92 U Uraani
89%
2 He Helium
88%
7 N Typpi
88%
18 Ar Argon
87%
24 Cr Kromi
87%
28 Ni Nikkeli
87%
13 Al Alumiini
86%
20 Ca Kalsium
86%
10 Ne Neon
86%
80 Hg Elohopea
85%
82 Pb Lyijy
82%
35 Br Bromi
79%
16 S Rikki
79%
9 F Fluori
78%
5 B Boori
72%
15 P Fosfori
71%
78 Pt Platina
71%
22 Ti Titaani
69%
53 I Jodi
68%
54 Xe Ksenon
65%
34 Se Seleeni
65%
25 Mn Mangaani
61%
50 Sn Tina
60%
74 W Volframi
58%
77 Ir Iridium
57%
14 Si Pii
57%
56 Ba Barium
56%
46 Pd Palladium
56%
48 Cd Kadmium
53%
4 Be Beryllium
52%
32 Ge Germanium
51%
27 Co Koboltti
51%
31 Ga Gallium
50%
88 Ra Radium
50%
55 Cs Cesium
49%
86 Rn Radon
41%
84 Po Polonium
39%
57 La Lantaani
36%
71 Lu Lutetium
35%
40 Zr Zirkonium
35%
36 Kr Krypton
34%
33 As Arseeni
33%
42 Mo Molybdeeni
33%
58 Ce Cerium
32%
102 No Nobelium
32%
49 In Indium
31%
70 Yb Ytterbium
31%
105 Db Dubnium
30%
21 Sc Skandium
30%
63 Eu Europium
29%
111 Rg Röntgenium
29%
43 Tc Teknetium
29%
87 Fr Frankium
28%
76 Os Osmium
28%
94 Pu Plutonium
28%
64 Gd Gadolinium
27%
108 Hs Hassium
26%
52 Te Telluuri
26%
39 Y Yttrium
26%
37 Rb Rubidium
25%
72 Hf Hafnium
24%
104 Rf Rutherfordium
23%
73 Ta Tantaali
23%
23 V Vanadiini
23%
45 Rh Rodium
22%
96 Cm Curium
21%
101 Md Mendelevium
21%
75 Re Renium
20%
38 Sr Strontium
20%
67 Ho Holmium
19%
59 Pr Praseodyymi
19%
95 Am Amerikium
18%
98 Cf Kalifornium
18%
113 Nh Nihonium
18%
41 Nb Niobium
18%
44 Ru Rutenium
18%
62 Sm Samarium
18%
83 Bi Vismutti
18%
89 Ac Aktinium
17%
66 Dy Dysprosium
17%
114 Fl Flerovium
17%
81 Tl Tallium
17%
97 Bk Berkelium
16%
68 Er Erbium
16%
115 Mc Moskovium
16%
51 Sb Antimoni
15%
109 Mt Meitnerium
15%
93 Np Neptunium
15%
85 At Astatiini
14%
99 Es Einsteinium
14%
116 Lv Livermorium
14%
106 Sg Seaborgium
14%
110 Ds Darmstadtium
13%
117 Ts Tennessiini
13%
90 Th Torium
13%
60 Nd Neodyymi
12%
65 Tb Terbium
12%
107 Bh Bohrium
9%
100 Fm Fermium
9%
61 Pm Prometium
9%
69 Tm Tulium
9%
118 Og Oganesson
8%
91 Pa Protaktinium
8%
112 Cn Kopernikium
7%
103 Lr Lawrencium
5%
Ehtoja vastaavia visoja ei löytynyt
Tulosjakauma
Jokaisen tuloksen saaneiden osuus
Persentiili vastausten määrän mukaan
Tuloshistoriasi
Et ole pelannut tätä visaa